<?xml version="1.0" encoding="UTF-8"?>
<record
    xmlns:xsi="http://www.w3.org/2001/XMLSchema-instance"
    xsi:schemaLocation="http://www.loc.gov/MARC21/slim http://www.loc.gov/standards/marcxml/schema/MARC21slim.xsd"
    xmlns="http://www.loc.gov/MARC21/slim">

  <leader>00813nas a22002177i 4500</leader>
  <controlfield tag="001">6505</controlfield>
  <controlfield tag="003">OSt</controlfield>
  <controlfield tag="005">20170126082356.0</controlfield>
  <controlfield tag="007">tu</controlfield>
  <controlfield tag="008">161220s        xxu||||| |||| 00| 0     d</controlfield>
  <datafield tag="022" ind1=" " ind2=" ">
    <subfield code="a">1615-245X</subfield>
  </datafield>
  <datafield tag="024" ind1="7" ind2=" ">
    <subfield code="a">6505</subfield>
    <subfield code="2">RID</subfield>
  </datafield>
  <datafield tag="024" ind1="7" ind2=" ">
    <subfield code="a">6505</subfield>
    <subfield code="2">RSN (alt)</subfield>
  </datafield>
  <datafield tag="040" ind1=" " ind2=" ">
    <subfield code="c">OSt</subfield>
  </datafield>
  <datafield tag="245" ind1="0" ind2="0">
    <subfield code="a">Cesifo Forum</subfield>
    <subfield code="b">A quarterly Journal on European economic issues</subfield>
  </datafield>
  <datafield tag="260" ind1=" " ind2=" ">
    <subfield code="a">M&#xFC;nchen :</subfield>
    <subfield code="b">Cesifo Forum.</subfield>
  </datafield>
  <datafield tag="110" ind1="2" ind2=" ">
    <subfield code="a">ifo Institute for Economic Research</subfield>
  </datafield>
  <datafield tag="856" ind1=" " ind2=" ">
    <subfield code="u">http://www.cesifo-group.de/de/ifoHome/publications/journals/CESifo-Forum.html</subfield>
  </datafield>
  <datafield tag="866" ind1=" " ind2="0">
    <subfield code="u">2000 - 2012</subfield>
  </datafield>
  <datafield tag="866" ind1=" " ind2="0">
    <subfield code="u">letztes Heft: 2004 5/2 (Summer)&lt;br&gt;&lt;br&gt;&lt;br&gt;Best&#xE4;nde unvollst&#xE4;ndig&lt;br&gt;&lt;br&gt;vorhanden:&lt;br&gt;2000 1/1&lt;br&gt;2001 2/1, 3-4&lt;br&gt;2002 3/1-4&lt;br&gt;2003 4/1-4 + Special Issue&lt;br&gt;2004 5/1-&lt;br&gt;&lt;br&gt;fehlende Best&#xE4;nde:&lt;br&gt;2000 1/2-4&lt;br&gt;2001 2/2</subfield>
  </datafield>
  <datafield tag="942" ind1=" " ind2=" ">
    <subfield code="c">J</subfield>
  </datafield>
  <datafield tag="999" ind1=" " ind2=" ">
    <subfield code="c">6069</subfield>
    <subfield code="d">6069</subfield>
  </datafield>
  <datafield tag="952" ind1=" " ind2=" ">
    <subfield code="0">0</subfield>
    <subfield code="1">0</subfield>
    <subfield code="4">0</subfield>
    <subfield code="7">0</subfield>
    <subfield code="a">BIB</subfield>
    <subfield code="b">BIB</subfield>
    <subfield code="c">1</subfield>
    <subfield code="d">2015-02-12</subfield>
    <subfield code="h">15.2014,4</subfield>
    <subfield code="i">6505</subfield>
    <subfield code="l">0</subfield>
    <subfield code="p">10006071</subfield>
    <subfield code="r">2017-01-26 00:00:00</subfield>
    <subfield code="w">2017-01-26</subfield>
    <subfield code="y">J</subfield>
  </datafield>
  <datafield tag="952" ind1=" " ind2=" ">
    <subfield code="0">0</subfield>
    <subfield code="1">0</subfield>
    <subfield code="4">0</subfield>
    <subfield code="7">0</subfield>
    <subfield code="a">BIB</subfield>
    <subfield code="b">BIB</subfield>
    <subfield code="c">1</subfield>
    <subfield code="d">2016-03-11</subfield>
    <subfield code="h">16.2015,4</subfield>
    <subfield code="i">6505</subfield>
    <subfield code="l">0</subfield>
    <subfield code="p">10006308</subfield>
    <subfield code="r">2017-01-26 00:00:00</subfield>
    <subfield code="w">2017-01-26</subfield>
    <subfield code="y">J</subfield>
  </datafield>
</record>
